000 00868nas a2200289 4500
001 BR2012005552
003 BR-BrBNA
005 20231205120910.0
007 ta
008 230509b bl.|||p| |||| 00| 00por d
040 _aBR-BrBNA
_bpor
_cBiblioteca Nacional de Agricultura
041 _a(En)
072 _aL40
100 1 _aCalábria, L.K.
100 1 _aTeixeira, R.R.
100 1 _aMoraes, V.R.A.
100 1 _aSantos, A.A.D.
100 1 _aEspíndola, F.S.
245 1 _aA metallic impregnation technique adapted to study the honeybee Apis mellifera L. brain
650 _aABELHA
650 _aAPIS MELLIFERA
650 _aCÉREBRO
650 _aANATOMIA ANIMAL
773 0 _tNeotropical Entomology (Brazil)
_xISSN 1519-566X
_g(Sep-Oct 2010), v. 39(5) p. 720-724
_wBR2012005552
909 _a202311
_bLúcia
_c55
_dLúcia Elande
942 _2AGRIS
_n0
_cANA
999 _c220874
_d220874